书目信息 |
| 题名: |
艺术在中华文化复兴中的建构作用
|
|
| 作者: | 黄永健 著 | |
| 分册: | ||
| 出版信息: | 北京 中国社会科学出版社 2019.06 |
|
| 页数: | 10, 374页 | |
| 开本: | 24cm | |
| 丛书名: | 深圳学派建设丛书 | |
| 单 册: | ||
| 中图分类: | G12 | |
| 科图分类: | ||
| 主题词: | 艺术--yi shu--影响--文化事业--建设--研究--中国 | |
| 电子资源: | ||
| ISBN: | 978-7-5203-4489-0 | |
| 000 | 01608nam 2200301 450 | |
| 001 | 202021192975 | |
| 005 | 20211025120124.0 | |
| 010 | @a978-7-5203-4489-0@dCNY99.00 | |
| 100 | @a20210927d2019 em y0chiy50 ea | |
| 101 | 0 | @achi |
| 102 | @aCN@b110000 | |
| 105 | @ay a 000yy | |
| 106 | @ar | |
| 200 | 1 | @a艺术在中华文化复兴中的建构作用@Ayi shu zai zhong hua wen hua fu xing zhong de jian gou zuo yong@d= A study on the art constructional founctions for the rejuvenation of Chinese culture@f黄永健著@zeng |
| 210 | @a北京@c中国社会科学出版社@d2019.06 | |
| 215 | @a10, 374页@d24cm | |
| 225 | 2 | @a深圳学派建设丛书@Ashen zhen xue pai jian she cong shu@h第六辑 |
| 300 | @a国家社科基金艺术学项目“艺术在中华文化复兴中的建构作用研究”成果 | |
| 314 | @a黄永健, 艺术学博士, 深圳大学教授。 | |
| 320 | @a有书目 (第355-369页) | |
| 330 | @a本书探讨艺术在中华文化复兴中的建构作用。在深入研究总结国内外艺术与文化相互促成的历史经验的基础上, 提出中华艺术如何在传承创新的基础上, 形成新的艺术文化格局, 并进一步提出如何将艺术精神运筹于中华文化复兴的各个环节 ; 在艺术如何促成中国当代政治、外交、经济、法律、宗教、哲学、道德和科学的复兴诸方面, 通过综合研判, 提出独特的视点 ; 此外, 在总结研究前人成果的基础上, 对中国艺术精神的当代转化和创新阐释, 也进行了学理性的探讨。 | |
| 410 | 0 | @12001 @a深圳学派建设丛书@h第六辑 |
| 510 | 1 | @aStudy on the art constructional founctions for the rejuvenation of Chinese culture@zeng |
| 606 | 0 | @a艺术@Ayi shu@x影响@x文化事业@x建设@x研究@y中国 |
| 690 | @aG12@v5 | |
| 701 | 0 | @a黄永健@Ahuang yong jian@4著 |
| 801 | 0 | @aCN@c20210909 |
| 905 | @a河南城建学院图书馆@dG12@eH912 | |
| 艺术在中华文化复兴中的建构作用= A study on the art constructional founctions for the rejuvenation of Chinese culture/黄永健著.-北京:中国社会科学出版社,2019.06 |
| 10, 374页;24cm.-(深圳学派建设丛书.第六辑) |
| 国家社科基金艺术学项目“艺术在中华文化复兴中的建构作用研究”成果 |
| ISBN 978-7-5203-4489-0:CNY99.00 |
| 本书探讨艺术在中华文化复兴中的建构作用。在深入研究总结国内外艺术与文化相互促成的历史经验的基础上, 提出中华艺术如何在传承创新的基础上, 形成新的艺术文化格局, 并进一步提出如何将艺术精神运筹于中华文化复兴的各个环节 ; 在艺术如何促成中国当代政治、外交、经济、法律、宗教、哲学、道德和科学的复兴诸方面, 通过综合研判, 提出独特的视点 ; 此外, 在总结研究前人成果的基础上, 对中国艺术精神的当代转化和创新阐释, 也进行了学理性的探讨。 |
| ● |
| 相关链接 |
|
|
|
正题名:艺术在中华文化复兴中的建构作用
索取号:G12/H912
 
预约/预借
| 序号 | 登录号 | 条形码 | 馆藏地/架位号 | 状态 | 备注 |
| 1 | 1540033 | 215400331 | 社科库409/409社科库 56排1列3层/ [索取号:G12/H912] | 在馆 | |
| 2 | 1540034 | 215400340 | 社科库409/409社科库 56排1列3层/ [索取号:G12/H912] | 在馆 |